000
00197 a2200097 4500
001
4834
100
_a
Kaiser,H,K
245
_a
Rockets & space flight
260
_a
_b
Faber
_c
090
_c
4025
_d
4025
942
_a
NUST-CAE
_c
M
_c
30296
999
_c
239907
_d
239907